000 00812nam a2200205Ii 4500
003 JO-AjNU
008 230605s9999||||xx |||||||||||||| ||und||
040 _aJO-AjNU
_bara
_erda
_cJO-AjNU
041 _aara
050 1 4 _aBP130 2003
100 3 _aالشافعي، أبي الفداء إسماعيل بن محمد بن عبد الهادي ؛ عناية: سفيان بن عايش بن محمد,
_eauthor
_916560
245 0 0 _aتحريك السلسلة فيما يتعلق بالزلزلة
250 _aط1
264 3 1 _aعمان: دار ابن الجوزي للنشر والتوزيع، 2003
300 _a150ص
_bالفهارس ص127-150
336 _atext
_btxt
_2rdacontent
337 _aunmediated
_bn
_2rdamedia
338 _avolume
_bnc
_2rdacarrier
650 4 _aالاسلام- ايات- تفسير
_916561
999 _aA4937
_c8505
_d8505